Gandhi, a biographical study / (Record no. 463549)
[ view plain ]
| 000 -LEADER | |
|---|---|
| fixed length control field | 00773nam a2200277 a 4500 |
| 001 - CONTROL NUMBER | |
| control field | vtls001192670 |
| 003 - CONTROL NUMBER IDENTIFIER | |
| control field | NLI |
| 005 - DATE AND TIME OF LATEST TRANSACTION | |
| control field | 20210603151050.0 |
| 008 - FIXED-LENGTH DATA ELEMENTS--GENERAL INFORMATION | |
| fixed length control field | 120328s1945 ii c 001 0 eng d |
| 020 ## - INTERNATIONAL STANDARD BOOK NUMBER | |
| Terms of availability | Rs.4.80 |
| 039 #9 - LEVEL OF BIBLIOGRAPHIC CONTROL AND CODING DETAIL [OBSOLETE] | |
| -- | 201203281644 |
| -- | VLOAD |
| 040 ## - CATALOGING SOURCE | |
| Original cataloging agency | NLI |
| Language of cataloging | eng |
| Transcribing agency | Entertech IMP - 2012 |
| Description conventions | AACR2 |
| 041 0# - LANGUAGE CODE | |
| Language code of text/sound track or separate title | eng |
| 044 ## - COUNTRY OF PUBLISHING/PRODUCING ENTITY CODE | |
| MARC country code | ii |
| 084 ## - OTHER CLASSIFICATION NUMBER | |
| Classification number | 169.D.1065 |
| 100 1# - MAIN ENTRY--PERSONAL NAME | |
| Personal name | Sen, Ela, |
| Dates associated with a name | 1899- |
| 9 (RLIN) | 187997 |
| 245 10 - TITLE STATEMENT | |
| Title | Gandhi, a biographical study / |
| Statement of responsibility, etc. | by Ela Sen |
| 260 ## - PUBLICATION, DISTRIBUTION, ETC. | |
| Place of publication, distribution, etc. | Calcutta : |
| Name of publisher, distributor, etc. | Susil Gupta , |
| Date of publication, distribution, etc. | 1945 |
| 300 ## - PHYSICAL DESCRIPTION | |
| Extent | 187 p. : |
| Other physical details | port. ; |
| Dimensions | 17 cm. |
| 600 10 - SUBJECT ADDED ENTRY--PERSONAL NAME | |
| Personal name | Gandhi, |
| Titles and other words associated with a name | Mahatma, |
| Dates associated with a name | 1869-1948 |
| 9 (RLIN) | 3896 |
| 887 ## - NON-MARC INFORMATION FIELD | |
| Content of non-MARC field | |
| 901 ## - LOCAL DATA ELEMENT A, LDA (RLIN) | |
| a | IMP110669 : |
| b | 16.12.2010 |
| 902 ## - LOCAL DATA ELEMENT B, LDB (RLIN) | |
| a | 169.D.1065 |
| 942 ## - ADDED ENTRY ELEMENTS (KOHA) | |
| Source of classification or shelving scheme | Dewey Decimal Classification |
| Koha item type | Books |
| 949 ## - LOCAL PROCESSING INFORMATION (OCLC) | |
| -- | VIRTUAITEM |
| -- | 10000 |
| -- | 100 |
| 6 | IMP000110669ENG |
| Withdrawn status | Lost status | Damaged status | Not for loan | Home library | Current library | Date acquired | Total Checkouts | Full call number | Barcode | Date last seen | Price effective from | Koha item type |
|---|---|---|---|---|---|---|---|---|---|---|---|---|
| National Library of India | National Library of India | 169.D.1065 | IMP000110669ENG | 03/06/2021 | 03/06/2021 | Books |
